Szczegóły MARC21

Wybrane zagadnienia z prognozowania /

003 -Nazwa inst., której nr kontr. jest w polu 001 [,]
    • @
    • Nazwa instytucji, której n kontrolny jest w polu 001
    • NUKAT
005 -DATA I CZAS OSTATNIEJ MODYFIKACJI [,]
    • @
    • pole kontrolne
    • 20241231111658.0
020 -Międzynarod. znormalizowany nr książki - ISBN [ , ]
    • a
    • Numer ISBN
    • 9788360606261 Find
040 -Instytucja sporządzająca opis [ , ]
    • a
    • Instytucja, która sporządziła opis (NP)
    • KAT U/sm
    • c
    • Instytucja, która sporządziła rekord (NP)
    • KAT U/sm
    • d
    • Instytucja, która zmodyfikowała rekord (P)
    • KAT U/TKs
    • d
    • Instytucja, która zmodyfikowała rekord (P)
    • KR U/42MSs
942 -Rodzaj dokumentu [ , ]
    • c
    • Rodzaj dokumentu
    • Książka
100 -Hasło główne - nazwa osobowa [1, ]
    • a
    • Nazwa osobowa (NP)
    • Klóska, Rafał.
    • 9
    • KHW
    • 20719
245 -Strefa tytułu i oznaczenia odpowiedzialności [1,0]
    • a
    • Tytuł
    • Wybrane zagadnienia z prognozowania / Find
    • c
    • Pozostałe elementy strefy tytułu i oznaczenia odpowiedzialności (NP)
    • Rafał Klóska, Marcin Hundert, Rafał Czyżycki ; red. nauk. Rafał Klóska.
250 -Strefa wydania [ , ]
    • a
    • Oznaczenie wydania (NP)
    • Wyd. 2, popr. i uzup.
260 -Strefa adresu wydawniczego [ , ]
    • a
    • Miejsce wydania (P)
    • Szczecin :
    • b
    • Nazwa wydawcy (P)
    • Economicus,
    • c
    • Data wydania (P)
    • 2007.
300 -Strefa opisu fizycznego [ , ]
    • a
    • Określenie formy książki i/lub objętość (NP)
    • 313 :
    • b
    • Oznaczenie ilustracji (NP)
    • il. ;
    • c
    • Format (NP)
    • 24 cm.
336 -Typ zawartości [ , ]
    • a
    • Termin opisujący typ zawartości
    • Tekst
    • b
    • Kod określający zawartość
    • txt
    • 2
    • Źródło (terminu i kodu)
    • rdacontent
337 -Typ mediów [ , ]
    • a
    • Tryb odtwarzania
    • Bez urządzenia pośredniczącego
    • b
    • Kod typu mediów
    • n
    • 2
    • Źródło (terminu i kodu)
    • rdamedia
338 -Typ/rodzaj nośnika [ , ]
    • a
    • Hasło opisujące typ nośnika
    • Wolumin
    • b
    • Kod typu nośnika
    • nc
    • 2
    • Źródło (terminu i kodu)
    • rdacarrier
504 -Uwaga dot. bibliogr. załącznikowej [ , ]
    • a
    • Uwaga dot. bibliografii załącznikowej
    • Bibliogr. s. 305-307.
080 -Uniwersalna Klasyfikacja Dziesiętna [ , ]
    • 2
    • Identyfikator wydania tablic
    • UDC-P058
    • a
    • Symbol klasyfikacji
    • 330.43
    • b
    • Dopowiedzenie
    • Ekonometria.
    • x
    • Poddział wspólny
    • (075.8)
    • b
    • Dopowiedzenie
    • (Podręczniki dla szkół wyższych. Skrypty).
080 -Uniwersalna Klasyfikacja Dziesiętna [ , ]
    • 2
    • Identyfikator wydania tablic
    • UDC-P058
    • a
    • Symbol klasyfikacji
    • 338.27
    • b
    • Dopowiedzenie
    • Prognozowanie gospodarcze.
    • x
    • Poddział wspólny
    • (075.8)
    • b
    • Dopowiedzenie
    • (Podręczniki dla szkół wyższych. Skrypty).
080 -Uniwersalna Klasyfikacja Dziesiętna [ , ]
    • 2
    • Identyfikator wydania tablic
    • UDC-P058
    • a
    • Symbol klasyfikacji
    • 519.86
    • b
    • Dopowiedzenie
    • Teoria modeli matematycznych. Modele sterowania ekonomicznego.
    • x
    • Poddział wspólny
    • (075.8)
    • b
    • Dopowiedzenie
    • (Podręczniki dla szkół wyższych. Skrypty).
080 -Uniwersalna Klasyfikacja Dziesiętna [ , ]
    • 2
    • Identyfikator wydania tablic
    • UDC-P058
    • a
    • Symbol klasyfikacji
    • 519.2
    • b
    • Dopowiedzenie
    • Rachunek prawdopodobieństwa. Statystyka matematyczna. Analiza statystyczna.Teoria estynacji. Rachunek wrównawczy. Teoria błędów.
    • x
    • Poddział wspólny
    • (075.8)
    • b
    • Dopowiedzenie
    • (Podręczniki dla szkół wyższych. Skrypty).
650 -Hasło przedmiotowe [ ,7]
    • a
    • Hasło przedmiotowe
    • Teoria prognozowania
    • v
    • Określnik formalny
    • podręczniki akademickie.
    • 2
    • Źródło terminu
    • kaba
    • 9
    • KHW
    • 426620
980 -Symbol UKD [ , ]
    • a
    • UKD
    • 330.43:338.27:519.86:519.2](075.8)
700 -Hasło dodatkowe - nazwa osobowa [1, ]
    • a
    • Nazwa osobowa (NP)
    • Hundert, Marcin. Find
    • 9
    • KHW
    • 91234
700 -Hasło dodatkowe - nazwa osobowa [1, ]
    • a
    • Nazwa osobowa (NP)
    • Czyżycki, Rafał. Find
    • 9
    • KHW
    • 20717
920 -ISBN [ , ]
    • a
    • ISBN
    • 978-83-60606-26-1 Find
Status udost. Numer inwentarzowy Sygnatura Lokalizacja Data inwentaryzacji
-2T.9786T.9786T2008-02-05
-3TM.5140TM.5140T2008-02-05
-3TM.5141TM.5141T2008-02-05
-3TM.5142TM.5142T2008-02-05
-2TM.5139TM.5139T2008-02-05
-3TM.5416TM.5416T2008-03-14
-3TM.5651TM.5651T2008-04-30
-3TM.5850TM.5850T2008-07-10
-3TM.5851TM.5851T2008-07-10
-3TM.5852TM.5852T2008-07-10
-3TM.5853TM.5853T2008-07-10
-3TM.5854TM.5854T2008-07-10
-3TM.6166TM.6166T2008-12-29
-3TM.6214TM.6214T2009-01-14
-3TM.6215TM.6215T2009-01-14
-3TM.6232TM.6232T2009-01-16
-3TM.6233TM.6233T2009-01-16
-3TM.6234TM.6234T2009-01-16
-3TM.6235TM.6235T2009-01-16
-3TM.6236TM.6236T2009-01-16
-3TM.6932TM.6932T2009-11-05
-3TM.7150TM.7150T2010-05-17
-3TM.7151TM.7151T2010-05-17
-3TM.7493TM.7493T2010-11-15
-3TM.7494TM.7494T2010-11-15
-3TM.7594TM.7594T2010-12-15
-3TM.8350TM.8350T2012-03-26
-3TM.8351TM.8351T2012-03-26
-3TM.11045TM.11045T2014-05-29
-3TM.12275TM.12275T2015-03-26
-3TM.15200TM.15200T2021-05-06
-3TM.15201TM.15201T2021-05-06